| 000 | 01020nam a2200265 i 4500 | ||
|---|---|---|---|
| 003 | CO-ViMGA | ||
| 005 | 20230915224423.0 | ||
| 008 | 201217s2020 ck a|||br6||| 00| 1 spa d | ||
| 020 | _a9789585275089 | ||
| 040 |
_aCO-ViMGA _bspa _cCO-ViMGA |
||
| 084 | _aH PAN3 | ||
| 100 | 1 |
_aPantoja, Oscar _d1971- _eautor _9168649 |
|
| 245 | 1 | 0 |
_aCombita / _cguion Oscar Pantoja ; ilustracion Jim Pluk |
| 250 | _aEdicion especial | ||
| 260 |
_aBogota : _bRey Naranjo editores, _c2020 |
||
| 300 |
_a32 paginas _bilustraciones _c30 cm |
||
| 490 | 0 | _aPlan Nacional de Lectura y Escritura Leer es mi Cuento / Ministerio de Cultura | |
| 650 | 1 | 7 |
_2LEMB _aAutores colombianos _ySiglo XX _93714 |
| 650 | 1 | 7 |
_2LEMB _aCiclismo _vTiras comicas, historietas, etc. _9168572 |
| 650 | 1 | 7 |
_2LEMB _aLiteratura infantil colombiana _ySiglo XX _9389 |
| 650 | 1 | 7 |
_2LEMB _aNiƱas _vTiras comicas, historietas, etc. _9148986 |
| 650 | 1 | 7 |
_2LEMB _aTiras comicas, historietas, etc. colombianas _986445 |
| 700 | 1 |
_aPluk, Jim _eilustrador _9168650 |
|
| 942 |
_2ddc _cBK |
||
| 999 |
_c9154 _d9154 |
||